| 000 | 00892nam a22002417a 4500 | ||
|---|---|---|---|
| 001 | 240023 | ||
| 003 | DO-SdBNP | ||
| 005 | 20160318110320.0 | ||
| 007 | 240023 | ||
| 008 | 160318b 1996 nyu xxu||||| |||| 00| 0 spa d | ||
| 020 | _a0590484109 | ||
| 040 |
_aBPMSU _bspa _cBPMSU |
||
| 092 |
_axxxx _bxxxx |
||
| 100 | 1 | _aDash, Joan | |
| 245 | 1 | 0 |
_aWe shall not be moved : _bthe women's factory strike of 1909 / _cJoan Dash. |
| 260 |
_aNew York : _bScholastic, _c1996. |
||
| 300 |
_a165 p. : _bil. _c22 cm. |
||
| 504 | _aBibliography : p. 153-155 | ||
| 505 | 0 | _aOn the eighth floor -- The homes of the shirtwaist girls -- An alliance is formed -- "If I tune traitor" -- On the streets -- "College girls" -- The mink brigade -- The tombs -- "We will go to jail again and win!" -- The new year -- Triangle settles. | |
| 910 | _a00260 | ||
| 942 |
_2ddc _cBK |
||
| 956 |
_2LOPEREZ _310 |
||
| 999 |
_c9308 _d9308 |
||